GLIM 82 : proceedings of the International Conference on Generalised Linear Models /
Guardado en:
| Autor Corporativo: | |
|---|---|
| Otros Autores: | |
| Formato: | Libro |
| Idioma: | English |
| Publicado: |
New York :
Springer-Verlag,
c1982.
|
| Series: | Lecture notes in statistics (Springer-Verlag) ;
v. 14. |
| Materias: | |
| Etiquetas: |
Agregar Etiqueta
Sin Etiquetas, Sea el primero en etiquetar este registro!
|
| LEADER | 01136cam a2200277 a 4500 | ||
|---|---|---|---|
| 001 | MAT.inmabb004708 | ||
| 008 | 820816s1982####nyua#####b####100#0#eng## | ||
| 005 | 20170508155437.0 | ||
| 245 | 1 | 0 | |a GLIM 82 : |b proceedings of the International Conference on Generalised Linear Models / |c edited by Robert Gilchrist. |
| 260 | |a New York : |b Springer-Verlag, |c c1982. | ||
| 300 | |a 188 p. : |b il. ; |c 24 cm. | ||
| 490 | 1 | |a Lecture notes in statistics ; |v 14 | |
| 500 | |a Conferencia realizada del 13 al 15 de septiembre de 1982 en el Polytechnic of North London. | ||
| 504 | |a Incluye referencias bibliográficas. | ||
| 510 | 4 | |a MR, |c 84b:62102 | |
| 020 | |a 0387907777 (pbk.) | ||
| 111 | 2 | |a International Conference on Generalised Linear Models |n (1ª : |d 1982 : |c Polytechnic of North London) | |
| 700 | 1 | |a Gilchrist, Robert. |4 edt | |
| 830 | 0 | |a Lecture notes in statistics (Springer-Verlag) ; |v v. 14. | |
| 246 | 1 | |a GLIM eighty two | |
| 246 | 1 | |a G.L.I.M. 82 | |
| 650 | 0 | |a Linear models (Statistics) |x Congresses. | |
| 084 | |a 62J05 (62-04) |2 MR | ||
| 010 | |a 82016728 | ||
| 040 | |a DLC |c DLC |d OCoLC |d DLC | ||
| 859 | |h 62 |i In61-1982 |p A-6103 |b BIB. MATEMATICA | ||
